Score 0/15 Timer 02:00
4 Plays Today
Rank Country % Correct
1.China
98.5%
8.India
95.7%
3.Japan
93.4%
11.Vietnam
86.3%
2.Thailand
86.2%
13.United States of America
83.5%
12.Laos
82.4%
7.South Korea
80.4%
Rank Country % Correct
6.Cambodia
80.3%
14.Nepal
78.8%
4.Myanmar
75.2%
9.Malaysia
72.3%
10.Taiwan
62.5%
5.Sri Lanka
58.6%
15.Singapore
57.9%
Remove Ads.
Support Sporcle.
Get the best of Sporcle when you Go Orange. This ad-free experience offers more features, more stats, and more fun while also helping to support Sporcle. Thank you for becoming a member.

You're not logged in!

Compare scores with friends on all Sporcle quizzes.
OR
Log In

Show Comments

Extras

Top Quizzes Today


Score Distribution

Your Account Isn't Verified!

In order to create a playlist on Sporcle, you need to verify the email address you used during registration. Go to your Sporcle Settings to finish the process.

Report this User

Report this user for behavior that violates our Community Guidelines.

Details: